[Event "MPL-1 Indian Chess Tour 2022"]
[Site "Online"]
[Date "2022.03.27"]
[Round "6.6"]
[White "Adhiban, B.."]
[Black "Karthikeyan, Murali"]
[Result "1-0"]
[WhiteElo "2648"]
[BlackElo "2622"]
[Annotator "TA"]
[PlyCount "111"]
[EventDate "2022.03.30"]
[EventType "tourn"]
[EventCountry "NET"]
[SourceTitle "playchess.com"]
[Source "ChessBase"]
[SourceQuality "1"]

{[%evp 9,111,1,7,0,0,6,3,8,5,12,12,10,22,11,32,32,26,23,15,4,25,25,82,74,81,20,40,18,20,20,20,21,16,0,75,100,99,30,29,42,73,60,61,0,64,29,33,0,0,0,0,0,0,7,14,8,8,0,12,0,0,0,0,0,8,8,13,13,14,14,52,52,62,2,51,43,58,60,58,39,60,54,41,0,0,0,33,8,15,15,34,11,11,8,34,34,34,34,34,8,799,792,660,608]} 1. e4 e5 2. Nc3 Nc6 3. Bc4 Nf6 4. d3 Na5 5. Qf3 d6 6. h3 {C28: Vienna Game: 2...Nf6 3 Bc4 Nc6.} Be7 7. Nge2 Nxc4 8. dxc4 {The position is equal.} Be6 9. b3 c6 10. O-O Qd7 11. Ng3 {[#]} Rd8 $146 ({Predecessor:} 11... O-O 12. Ba3 Rad8 13. Rad1 Qc7 14. Nf5 Rfe8 15. Nxe7+ Rxe7 16. Rd3 Red7 17. Rfd1 a6 {½-½ (63) Petrova,O (2250)-Bezgodova,M (2200) Sochi 2012}) 12. Rd1 O-O 13. Bg5 h6 14. Be3 b6 15. a4 d5 (15... Nxe4 $11 {remains equal.} 16. Ngxe4 (16. Qxe4 f5 $11) 16... f5) 16. cxd5 $16 cxd5 17. exd5 (17. Nxd5 $16 Nxd5 18. c4 Nxe3 19. Rxd7 Rxd7 20. Qxe3) 17... Nxd5 $11 18. Nh5 {[%cal Oe3h6] Threatens to win with Bxh6!} Qc6 {[#]} 19. Qg3 $1 {[%csl Gh5,LRe5,LRg7,LRh6][%cal Rg3g7]} g6 20. Nxd5 Rxd5 21. Bxh6 Rfd8 (21... Bf5 $11) 22. Rxd5 $16 Qxd5 {[#]} 23. Bg5 $1 Bxg5 $11 24. Qxg5 Kf8 25. Qh6+ Ke7 26. Qg5+ Kf8 27. Nf6 Qd2 28. Qxe5 {Black must now prevent Nh7+.} (28. a5 $5 {[%cal Ra5b6]}) 28... Qxc2 29. Nh7+ Kg8 30. Nf6+ Kf8 31. b4 Qf5 32. Nh7+ Kg8 33. Nf6+ Kf8 34. f4 Qxe5 35. fxe5 {[%mdl 4096] Endgame KRB-KRN} Rd4 36. b5 Ke7 37. a5 Bc4 38. axb6 axb6 39. Ra6 Bxb5 40. Rxb6 Bc4 41. Rb4 ({Better is} 41. g4 $14) 41... Rd1+ (41... Ke6 $11) 42. Kf2 $14 Rf1+ 43. Ke3 Ba2 44. Rb6 Re1+ 45. Kf4 Rf1+ 46. Ke3 (46. Kg5 $5 {[%cal Rf6g8]}) 46... Re1+ 47. Kf4 Rf1+ $1 48. Kg3 (48. Kg5 $5 {[%cal Rf6g8]}) 48... Rf5 49. Ng4 Be6 50. Rb7+ Kf8 51. Rb8+ Ke7 52. Rb5 Bd7 53. Rc5 Ke6 54. h4 Ke7 $2 {[%mdl 8192] [#]} (54... Ba4 $11) 55. Ne3 $1 $18 Rh5 56. Nd5+ {Weighted Error Value: White=0.14 (very precise) /Black=0.13 (very precise)} 1-0

[Event "MPL-1 Indian Chess Tour 2022"]
[Site "Online"]
[Date "2022.03.27"]
[Round "6.7"]
[White "Harika, Dronavalli"]
[Black "Narayanan.S.L"]
[Result "1/2-1/2"]
[WhiteElo "2517"]
[BlackElo "2658"]
[Annotator "TA"]
[PlyCount "121"]
[EventDate "2022.03.30"]
[EventType "tourn"]
[EventCountry "NET"]
[SourceTitle "playchess.com"]
[Source "ChessBase"]
[SourceQuality "1"]

{[%evp 12,121,22,23,25,11,11,0,9,0,7,-9,12,0,0,0,0,8,13,-20,-10,-25,-19,-17,18,15,22,13,12,26,22,0,14,19,26,17,5,0,29,31,22,21,16,0,0,0,0,0,0,0,0,0,0,0,0,0,0,0,0,0,0,0,0,0,0,0,0,0,0,0,0,-13,-13,-20,-20,-20,-20,-20,-20,-20,-20,-20,-20,-20,0,-20,-20,-20,-20,-20,-20,-54,-20,-20,-20,-20,-20,-20,-20,-20,-10,-10,-10,-10,0,0,0,-11,-11,-11,0,-11]} 1. c4 e6 2. Nc3 d5 3. d4 Be7 4. Nf3 Nf6 5. g3 O-O 6. Bg2 c6 7. O-O a5 {E06: Closed Catalan: Early deviations.} 8. Qd3 b6 {[%cal Bb7b6,Bb6b5,Bb5c4][%mdl 32]} 9. b3 Ba6 {[#]} 10. Ne5 $146 ({Predecessor:} 10. e4 b5 11. exd5 bxc4 12. bxc4 cxd5 13. Ne5 dxc4 14. Qe3 Ra7 15. d5 Rc7 16. dxe6 fxe6 {½-½ (33) Batchuluun,T (2536)-Jumabayev,R (2651) Chess.com INT 2021}) 10... Nfd7 {[%cal Bf6d7,Bd7b6,Bb6c4][%mdl 32]} 11. Nf3 a4 12. Bf4 b5 {[%cal Rb5c4]} 13. Qc2 bxc4 14. Nxa4 Nb6 15. Nc5 N8d7 16. Nxa6 Rxa6 17. Nd2 {[%cal Rb3c4]} Bb4 18. bxc4 Bxd2 {[%mdl 64] [#] Remove Defender} 19. Bxd2 {Threatening Bb4.} Nxc4 20. Bb4 Re8 21. Rfb1 {[%cal Og2e4]} Qc7 22. e4 Qa7 23. Bf1 Qxd4 24. Rd1 Qa7 25. Bxc4 dxc4 26. Qxc4 {[%cal Od1d7] [#] Threatens to win with Rxd7!} Ra8 27. Qd3 Nf6 {[%cal Bd7f6,Bf6e8,Be8c7,Bc7e6][%mdl 32]} 28. Qd8+ Ne8 {aiming for ...c5.} 29. Qe7 {Inhibits c5.} Qxe7 30. Bxe7 f6 31. a3 Nc7 32. Rac1 e5 33. Rd6 Re8 34. Rd7 Ne6 35. Bc5 Rd8 36. Re7 Nxc5 37. Rxc5 $11 {[%mdl 4096] Endgame KRR-KRR} h5 38. Rc3 Rda8 39. Rc7 Ra4 40. R7xc6 Rxe4 41. h4 Kh7 42. Rb6 Ra7 43. Rb2 Re1+ 44. Kg2 Ra1 45. Rbb3 Kg6 46. Re3 Ra4 47. Rec3 Ra7 48. Re3 Ra2 49. Rec3 Kh6 50. Re3 Ra4 51. Rec3 Ra8 52. Re3 {The position is equal.} Ra7 53. Rec3 Ra4 54. Re3 Ra6 55. Rec3 g5 56. hxg5+ Kxg5 57. Re3 Ra4 58. Rf3 Ra6 59. Rfe3 Rd6 60. Rf3 Ra6 61. Rfe3 {Weighted Error Value: White=0.04 (flawless) /Black=0.04 (flawless)} 1/2-1/2

[Event "MPL-1 Indian Chess Tour 2022"]
[Site "Online"]
[Date "2022.03.27"]
[Round "6.8"]
[White "Ganguly, Surya Shekhar"]
[Black "Mendonca, Leon Luke"]
[Result "1-0"]
[WhiteElo "2627"]
[BlackElo "2536"]
[Annotator "RC"]
[PlyCount "111"]
[EventDate "2022.03.30"]
[EventType "tourn"]
[EventCountry "NET"]
[SourceTitle "playchess.com"]
[Source "ChessBase"]
[SourceQuality "1"]
[TimeControl "5400+30"]

1. c4 {[%emt 1:15:40]} e6 {[%emt 1:15:40]} 2. Nc3 {[%emt 0:00:26]} d5 {[%emt 0:00:25]} 3. e3 {[%emt 0:00:26]} Nf6 {[%emt 0:00:28]} 4. Nf3 {[%emt 0:00:23]} c6 {[%emt 0:00:27]} 5. b3 {[%emt 0:00:22]} Bd6 {[%emt 0:00:26]} 6. Bb2 {[%emt 0:00:22]} O-O {[%emt 0:00:52]} 7. Qc2 {[%emt 0:00:24]} e5 {[%emt 0:03:19]} 8. cxd5 {[%emt 0:00:26]} cxd5 {[%emt 0:00:21]} 9. Nb5 {[%emt 0:00:21]} Nc6 {[%emt 0:00:55]} 10. Nxd6 {[%emt 0:00:29]} Qxd6 {[%emt 0:00:21]} 11. Bb5 {[%emt 0:00:54]} Bg4 {[%emt 0:02:22]} 12. Bxc6 {[%emt 0:01:42]} Bxf3 {[%emt 0:00:37]} 13. gxf3 {[%emt 0:00:20]} bxc6 {[%emt 0:01:00]} 14. Rc1 {[%emt 0:01:20]} Rac8 {[%emt 0:00:54]} 15. Rg1 {[%emt 0:02:36]} Rfe8 {[%emt 0:01:55]} 16. Qf5 {[%emt 0:01:01]} d4 {[%emt 0:01:12]} 17. Kf1 {[%emt 0:02:00]} g6 {[%emt 0:01:11]} 18. f4 {[%emt 0:01:06]} exf4 {[%emt 0:01:01]} 19. Bxd4 {[%emt 0:01:49]} Nd5 {[%emt 0:04:31]} 20. Rc5 {[%emt 0:01:29]} fxe3 {[%emt 0:00:48]} 21. dxe3 {[%emt 0:00:28]} Qxh2 {[%emt 0:00:35]} 22. Qf3 {[%emt 0:00:33]} Qd6 {[%emt 0:00:51]} 23. Qh5 {[%emt 0:01:50]} Qe6 {[%emt 0:00:48]} 24. Qxh7+ {[%emt 0:00:29]} Kf8 {[%emt 0:00:33]} 25. Ra5 {[%emt 0:00:44]} Ke7 {[%emt 0:00:29]} 26. Rg5 {[%emt 0:01:21]} Kd8 {[%emt 0:01:12]} 27. Rxa7 {[%emt 0:00:49]} Rc7 {[%emt 0:00:36]} 28. Re5 {[%emt 0:01:21]} Qd7 {[%emt 0:00:29]} 29. Qh4+ {[%emt 0:01:32]} f6 {[%emt 0:00:26]} 30. Rxe8+ {[%emt 0:00:50]} Kxe8 {[%emt 0:00:34]} 31. Ra8+ {[%emt 0:00:27]} Kf7 {[%emt 0:00:31]} 32. Qh7+ {[%emt 0:00:28]} Ke6 {[%emt 0:00:23]} 33. Qxg6 {[%emt 0:00:28]} Qf7 {[%emt 0:00:37]} 34. Re8+ {[%emt 0:00:52]} Ne7 {[%emt 0:00:31]} 35. Qe4+ {[%emt 0:01:14]} Kd7 {[%emt 0:00:25]} 36. Rh8 {[%emt 0:00:21]} Qe6 {[%emt 0:00:32]} 37. Qxe6+ {[%emt 0:00:30]} Kxe6 {[%emt 0:00:21]} 38. Rh6 {[%emt 0:00:36]} Ng8 {[%emt 0:00:34]} 39. Rh5 {[%emt 0:00:24]} Ne7 {[%emt 0:00:25]} 40. Ra5 {[%emt 0:00:27]} Nf5 {[%emt 0:00:31]} 41. Ra7 {[%emt 0:00:30]} Rc8 {[%emt 0:00:21]} 42. Bc5 {[%emt 0:00:22]} Kd5 {[%emt 0:00:46]} 43. b4 {[%emt 0:00:21]} Rh8 {[%emt 0:00:32]} 44. Ke2 {[%emt 0:00:26]} Kc4 {[%emt 0:00:24]} 45. a4 {[%emt 0:00:47]} Rh2 {[%emt 0:00:30]} 46. a5 {[%emt 0:00:25]} Ng3+ {[%emt 0:00:22]} 47. Kf3 {[%emt 0:00:20]} Nf1 {[%emt 0:00:23]} 48. Rd7 {[%emt 0:00:27]} Kc3 {[%emt 0:00:34]} 49. a6 {[%emt 0:01:18]} Nd2+ {[%emt 0:00:24]} 50. Kg3 {[%emt 0:00:26]} Rh8 {[%emt 0:00:30]} 51. Kf4 {[%emt 0:00:34]} Nc4 {[%emt 0:00:51]} 52. a7 {[%emt 0:00:28]} Ne5 {[%emt 0:00:35]} 53. Rb7 {[%emt 0:00:26]} Nd3+ {[%emt 0:00:25]} 54. Kf5 {[%emt 0:00:26]} Nxc5 {[%emt 0:00:26]} 55. bxc5 {[%emt 0:00:34]} Ra8 {[%emt 0:00:30]} 56. Ke6 {[%emt 0:00:21]} 1-0

[Event "MPL-1 Indian Chess Tour 2022"]
[Site "Online"]
[Date "2022.03.27"]
[Round "7.1"]
[White "Mendonca, Leon Luke"]
[Black "Sethuraman, S.P."]
[Result "1-0"]
[WhiteElo "2536"]
[BlackElo "2619"]
[Annotator "TA"]
[PlyCount "89"]
[EventDate "2022.03.30"]
[EventType "tourn"]
[EventCountry "NET"]
[SourceTitle "playchess.com"]
[Source "ChessBase"]
[SourceQuality "1"]

{[%evp 13,89,25,17,26,27,22,20,21,62,54,77,61,81,64,77,90,79,81,75,77,66,54,81,50,84,7,7,8,6,-9,342,360,420,382,375,361,501,236,236,192,188,91,529,276,276,264,843,283,665,693,4998,445,443,438,396,281,270,262,288,267,412,385,397,322,392,309,364,305,427,429,439,434,487,425,425,429,1058,481]} 1. d4 d5 2. Nf3 Nf6 3. c4 e6 4. Nc3 c6 5. e3 Nbd7 6. Qc2 b6 7. Bd3 {7.b3 injects fresh life into this line.} Bb7 8. O-O {D45: Semi-Slav: 5 e3.} dxc4 9. Bxc4 a6 10. Rd1 {The position is equal.} c5 11. d5 {&Bianco is more active.} exd5 12. Nxd5 b5 13. Nxf6+ Qxf6 14. Bd5 Bxd5 15. Rxd5 Be7 16. e4 {Black must now prevent Bg5.} Qe6 {[#]} 17. Be3 $146 {Strongly threatening Rad1.} ({Predecessor:} 17. Bg5 f6 18. Bf4 O-O 19. Rad1 Nb6 20. R5d2 Rac8 21. h3 Rc6 22. b3 Re8 23. e5 {1-0 (39) Stefansson,H (2575)-Borgo,G (2426) Beijing 2008}) 17... O-O 18. Rad1 Rad8 19. Ng5 (19. b3 $16) 19... Qc6 $1 $11 20. e5 $36 {[%csl Gg5][%cal Rc2h7][%mdl 2048] Black is under pressure.} g6 21. Qe4 Bxg5 $4 {[%mdl 8192]} (21... h6 $11 22. R5d2 (22. e6 hxg5 23. exd7 Rxd7 $17) 22... Nb8 23. Qxc6 Nxc6) 22. Bxg5 $18 Rde8 23. Qf4 f6 {[#]} 24. Rd6 $1 Qc8 (24... fxg5 25. Qxf8+) 25. exf6 (25. Rxd7 $142 Rxe5 26. g4 $1) 25... Ne5 26. h3 {[%cal Bh2h3,Bh3h4][%mdl 32]} Nf7 27. Rd7 (27. Bh6 $18 {and White stays clearly on top.} Nxd6 28. Bxf8 (28. Rxd6 Rf7 $14) (28. Qxd6 Rd8 $17)) 27... Qc6 $2 {[%mdl 8192]} (27... Rd8 $16 28. Rxd8 Rxd8) 28. h4 ({Less strong is} 28. Bh6 Re4 29. Rxf7 (29. Qc1 Rc8 $16) 29... Kxf7 $18) 28... Re4 29. Qg3 {Threatens to win with Rc7. Dancing on a razor blade.} Rfe8 $2 (29... Re1+ 30. Rxe1 Qxd7) 30. Kh2 $2 ({Weaker is} 30. Qb3 Re1+ 31. Kh2 c4 32. Rxe1 Qxd7 $16) (30. Rc7 Re1+ 31. Rxe1 Rxe1+ 32. Kh2) 30... Qe6 (30... Rd4 31. R7xd4 cxd4 32. Rxd4 Qc8) 31. Re7 Qf5 {[#]} 32. Rdd7 (32. Rxf7 $142 $1 {[%mdl 512]} Kxf7 33. Qc7+ R8e7 34. fxe7 Qe5+ 35. Qxe5 Rxe5 36. Rd8 Rxe7 37. Bxe7 Kxe7 38. Ra8) 32... R4xe7 33. Rxe7 {[%cal Re7e8]} Rf8 34. Qf4 Qxf4+ 35. Bxf4 {[%mdl 4096] Endgame KRB-KRN} Rc8 36. Ra7 c4 (36... b4 $142 37. b3 h6 38. Rxa6 c4 39. bxc4 Rxc4) 37. a3 h6 38. Rxa6 g5 39. hxg5 {And now g6 would win.} hxg5 40. Be3 Rd8 41. Ra7 {[%cal Ba6a7,Ba7b7,Bb7b8][%mdl 32] White is clearly winning.} Rd5 42. g3 Rf5 43. Rb7 g4 44. Kg2 Kf8 (44... Rxf6 $142 45. Rxb5 Ra6) 45. Rb8+ {Weighted Error Value: White=0.65/Black=0.67} 1-0

[Event "MPL-1 Indian Chess Tour 2022"]
[Site "Online"]
[Date "2022.03.27"]
[Round "7.2"]
[White "Narayanan.S.L"]
[Black "Ganguly, Surya Shekhar"]
[Result "1-0"]
[WhiteElo "2658"]
[BlackElo "2627"]
[Annotator "TA"]
[PlyCount "91"]
[EventDate "2022.03.30"]
[EventType "tourn"]
[EventCountry "NET"]
[SourceTitle "playchess.com"]
[Source "ChessBase"]
[SourceQuality "1"]

{[%evp 15,90,-14,-7,0,-17,-18,0,0,8,0,39,36,56,40,28,22,31,16,62,69,55,-58,-54,-65,-67,-63,2,0,73,61,47,27,198,96,176,174,170,-124,-126,-134,49,8,45,45,182,22,9,0,395,22,231,108,223,220,209,200,462,396,1049,1052,925,897,1034,1009,914,668,1310,1207,1118,1118,2470,785,29997,29998,29998,29999,29999]} 1. c4 Nf6 2. Nc3 e6 3. e3 d5 4. d4 Be7 5. cxd5 exd5 6. Bd3 O-O 7. Nge2 Re8 8. O-O Bd6 9. Nf4 {E48: Nimzo-Indian: Rubinstein: 5 Bd3 d5 including 6 Ne2, but excluding 6 a3.} c6 10. f3 {[#]} Qc7 $146 ({Predecessor:} 10... Na6 11. Kh1 Bxf4 12. exf4 c5 13. f5 c4 14. Bb1 Qb6 15. g4 h6 16. Rg1 Kf8 {0-1 (37) Agdestein,S (2552)-Urkedal,F (2549) Fagernes 2020}) 11. Kh1 {The position is equal.} Nbd7 (11... g5 $2 12. Nfe2 $16) 12. Qd2 Bxf4 13. exf4 c5 14. b3 c4 (14... cxd4 15. Nb5 Qb6 16. Bb2 $16) 15. bxc4 dxc4 16. Be4 Rb8 (16... Qa5 $1 $11 {might be stronger.}) 17. a4 $14 a6 18. f5 (18. Ba3 $14) 18... b5 $15 19. axb5 axb5 20. Qg5 {Black must now prevent Bf4.} Qb6 (20... b4 21. Bf4 $1 Qd8 22. Bxb8 Nxb8 23. Ra8 $1 $11) (20... Qd8 $15 21. Bf4 Rb6) 21. Bf4 $11 Qxd4 (21... h6 $11 22. Qh4 Bb7) 22. Bxb8 $16 {&Bianco is much more active. This bishop pair is nice.} Qxc3 23. Bc6 $1 b4 (23... Nxb8 $2 24. Bxe8 h6 25. Qg3 $18) (23... Bb7 $1 $11 24. Rfc1 (24. Bxb7 Rxb8 25. Bc6 h6 $11) 24... Qd3) 24. Rac1 (24. Rfc1 $18 {is the precise move to win.} Qd3 25. Bb5) 24... Qd4 (24... Qa3 $16) 25. Qf4 $1 $18 Qb6 {[#]} 26. Bxd7 (26. Rxc4 Ba6 27. Bc7 Qf2 $3 $17 {[%mdl 512]}) ({White has to play} 26. Qc7 $1 $18 {[%cal Rc7b6] Hoping for Qxb6.} Rf8 27. Qxb6 Nxb6 28. Ba7 (28. Bd6 b3 $16)) 26... Bxd7 $17 27. Bc7 Qa6 (27... Qb5 $17 28. Qxc4 (28. Rxc4 $2 Nd5 $19) 28... Qxc4 29. Rxc4 Bb5) 28. Be5 $36 {[%mdl 2048] aiming for Bxf6. White is more active.} ({Not} 28. Rxc4 $2 Bb5 29. Rxb4 Bxf1 $19) 28... Bb5 29. Rfe1 Rc8 ({Better is} 29... h6 $14) 30. h4 $2 ({White should try} 30. Rcd1 $18 {Strongly threatening Rd6.} Re8 31. h3) 30... h6 $1 $11 31. Red1 {And now Rd6 would win.} b3 $2 {[%mdl 8192]} (31... Nh5 $1 $11 32. Qg4 Nf6) 32. Bc3 $2 (32. Rd6 $18 Qa3 33. Bxf6 gxf6 34. Rxf6) 32... Kh7 $2 (32... Re8 $11) 33. Rd6 (33. Bxf6 $18 {and the rest is easy.} Qxf6 34. Rd6) 33... Rc6 (33... Nh5 $16 34. Qe5 Qb7) 34. Rd8 $18 {Threatens to win with Qb8.} Rc8 {[#] Inhibits Qb8.} 35. Rcd1 {R8d6 is the strong threat. Really sharp!} Qa8 $2 (35... Rxd8 {keeps fighting.} 36. Rxd8 Be8) 36. R8d6 {[%cal Bd8d6,Bd6f6,Bf6b6][%mdl 32]} Qb8 $2 (36... Rc6 37. Rd8 Rc8 38. Bxf6 gxf6) 37. Bxf6 gxf6 38. Qd4 Rg8 39. Rxf6 Qf8 40. Rb6 Ba4 41. Qxc4 Qg7 42. g4 b2 43. Rb1 (43. Qxa4 $142 Rf8 44. Qf4) 43... Qe5 44. Qxf7+ {White mates.} Rg7 {[#]} 45. Rxh6+ $1 {[%mdl 512]} Kxh6 46. Qh5# {Weighted Error Value: White=0.58/Black=0.92} 1-0

[Event "MPL-1 Indian Chess Tour 2022"]
[Site "Online"]
[Date "2022.03.27"]
[Round "7.3"]
[White "Karthikeyan, Murali"]
[Black "Harika, Dronavalli"]
[Result "1-0"]
[WhiteElo "2622"]
[BlackElo "2517"]
[Annotator "TA"]
[PlyCount "77"]
[EventDate "2022.03.30"]
[EventType "tourn"]
[EventCountry "NET"]
[SourceTitle "playchess.com"]
[Source "ChessBase"]
[SourceQuality "1"]

{[%evp 17,77,34,30,-11,60,43,47,27,101,104,111,108,109,111,170,186,154,154,163,145,143,141,169,141,140,125,112,114,126,81,402,6,213,220,243,283,269,276,283,283,283,280,272,272,258,251,254,254,258,258,394,374,470,417,477,477,482,467,457,448,604,588]} 1. e4 c5 2. Nf3 e6 3. d4 cxd4 4. Nxd4 Nc6 5. Nc3 Nf6 6. Nxc6 bxc6 7. e5 Nd5 8. Ne4 Qc7 9. f4 Qb6 10. a3 {Against Qb4+. B45: Sicilian Four Knights.} (10. c4 $5 {[%cal Rc4d5]} Ne3 11. Qd3 Bb4+ 12. Bd2 $11) 10... Ba6 ({Black should try} 10... Ne3 $11 11. Qd3 Nxf1 12. Rxf1 Ba6) 11. Bxa6 Qxa6 {[#]} 12. b3 $146 {White is slightly better.} ({Predecessor:} 12. Qe2 Qxe2+ 13. Kxe2 f5 14. Ng5 Be7 15. Nf3 a5 16. c4 Nb6 17. b3 a4 18. Be3 {½-½ (27) Delchev,A (2546)-Brankovic,D (2297) Paracin 2020}) 12... f5 (12... Qa5+ $11 {keeps the balance.} 13. Bd2 Qb6) 13. exf6 $1 $16 {aiming for Qh5+.} Nxf6 14. Nxf6+ gxf6 15. Qh5+ $1 Kd8 (15... Ke7 $16) 16. Bb2 $18 Be7 17. O-O-O $1 {Hoping for Qf7.} Kc7 18. a4 {Against Qb5. Black must now prevent Qf7.} Rae8 19. Rd3 {0x0.001a869fe1a8dp-1022s more active pieces.} c5 20. Rhd1 d5 21. f5 d4 22. fxe6 Qxe6 23. Kb1 Bd6 $2 {[%mdl 8192] [#]} (23... Rd8 $16 {is a better chance.}) 24. c3 $2 (24. Bxd4 $1 $18 {[%mdl 512]} Kb8 {[#]} (24... cxd4 25. Qa5+) 25. Bxf6 $1 {[%mdl 512]} Qxf6 26. Rxd6) 24... Be5 $2 (24... Qxb3 $2 25. cxd4 Qe6 26. dxc5 $18) (24... Rb8 $1 $11 {and Black stays safe.} 25. b4 (25. cxd4 Rxb3 26. d5 Qe4 $11) 25... Qe8) 25. cxd4 cxd4 26. Qf3 ({Less strong is} 26. Bxd4 Bxd4 27. Qb5 (27. Rxd4 $2 Qxb3+ 28. Kc1 Qc3+ 29. Kb1 Rb8+ 30. Qb5 Rxb5+ $19) 27... Bb6 $14) 26... Kb8 27. Bxd4 Re7 28. Bxe5+ Qxe5 29. Rd7 {[%csl Gd7][%cal Rf3b7]} Qe4+ 30. Qxe4 Rxe4 {[%mdl 4096] Endgame KRR-KRR} 31. R1d2 {Inhibits Re2.} h5 32. Rf7 Re6 33. Kb2 Rhe8 (33... h4 $142 34. Ka3 a6) 34. Rdd7 Rb6 35. Ka3 a6 36. Rh7 {White is clearly winning.} Kc8 37. Rdf7 Kb8 38. Rxh5 Ka8 39. Rhh7 {Weighted Error Value: White=0.30/Black=0.65} 1-0

[Event "MPL-1 Indian Chess Tour 2022"]
[Site "Online"]
[Date "2022.03.27"]
[Round "7.4"]
[White "Aryan Chopra"]
[Black "Adhiban, B.."]
[Result "0-1"]
[WhiteElo "2585"]
[BlackElo "2648"]
[Annotator "TA"]
[PlyCount "86"]
[EventDate "2022.03.30"]
[EventType "tourn"]
[EventCountry "NET"]
[SourceTitle "playchess.com"]
[Source "ChessBase"]
[SourceQuality "1"]

{[%evp 13,86,0,0,0,0,-11,0,-10,7,0,-2,-19,0,-7,-11,-57,-45,-24,-16,-20,-24,-28,-23,-20,0,0,0,0,10,0,0,-126,-18,-21,-16,-14,92,58,84,85,119,131,127,126,143,135,117,62,83,44,78,0,111,112,108,68,87,95,94,64,77,79,322,312,392,-195,-180,-214,-176,-4618,-4618,-4610,-805,-29998,-29999]} 1. d4 d5 2. Nf3 Nf6 3. Bf4 c5 4. e3 g6 5. Nbd2 Bg7 6. c3 O-O 7. Bd3 Nc6 8. h3 {D02: 1 d4 d5 2 Nf3 sidelines, including 2...Nf6 3 g3 and 2...Nf6 3 Bf4.} Nd7 9. O-O e5 10. dxe5 {The position is equal.} Ndxe5 11. Nxe5 Nxe5 12. Bc2 Be6 13. a4 {[#]} Rc8 $146 ({Predecessor:} 13... Qd7 14. Qe2 Rfd8 15. Rfd1 Rac8 16. Bg5 Re8 17. Ne4 Bf5 18. Nf6+ Bxf6 19. Bxf6 Bxc2 20. Qxc2 Qe6 21. Bxe5 Qxe5 22. Qb3 Red8 23. Qxb7 Rb8 {½-½ (23) Tkadlecek,P (1719)-Herzwurm,R (2021) Caleta 2019}) 14. a5 (14. Re1 $11) 14... a6 15. Re1 h6 16. Bg3 Nc6 17. Nb3 Qe7 18. Ra4 Rfd8 19. Bh4 g5 20. Bg3 f5 21. Qh5 Bf7 22. Qe2 (22. Qd1 $11) 22... f4 (22... d4 $1 $17 {[%cal Od4d3] Strongly threatening ...d3!} 23. cxd4 cxd4 24. Nxd4 Nxd4 25. exd4 Qxe2 26. Rxe2 f4) 23. exf4 $11 {[%cal Be3f4,Bf4g5,Bg5g6][%mdl 32]} Qxe2 24. Rxe2 {Black must now prevent fxg5.} c4 (24... d4 $1 $11 {keeps the balance.} 25. Nxc5 Rd5) 25. Nc5 d4 26. Bf5 (26. Nxb7 $2 d3 27. Bxd3 (27. Nxd8 $2 dxe2 28. f3 Rxd8 $19) 27... cxd3 $19) 26... d3 27. Rd2 Rc7 {[%cal Bc8c7,Bc7e7,Be7e2][%mdl 32]} 28. fxg5 Re7 29. g6 Bd5 30. Ra1 (30. f4 $16) 30... Rde8 31. Kf1 {Inhibits Re1+.} Re2 32. Bf4 (32. Rxe2 $16 Rxe2 33. Rb1 (33. Nxb7 Rxb2 34. Nc5 Bxc3 $17)) 32... Be5 (32... Ne7 $1 $11 {remains equal.} 33. g4 Nxf5 34. gxf5 R2e7) 33. Bxh6 $16 Bg7 34. Bf4 Be5 35. Be3 Bxc3 36. bxc3 R8xe3 {[%cal Be8e3,Be3c3,Bc3c2][%mdl 32] [#]} 37. Rxe2 $1 (37. fxe3 Bxg2+ 38. Kg1 Rxd2 $17) (37. Nxb7 $2 Rxd2 38. fxe3 Bxg2+ 39. Kg1 Ne5 $19) 37... dxe2+ (37... Rxe2 $16 {is a better defense.} 38. Bc8 (38. Nxb7 Rc2 $11) 38... Rc2) 38. Ke1 $18 Rxc3 39. Be4 $4 {[%mdl 8192]} ({Not} 39. Kd2 e1=R 40. Rxe1 Ra3 $16) (39. Ne4 $18 {avoids the disaster.} Bxe4 40. Bxe4) 39... Bxe4 $19 40. Nxe4 {[#]} Rc2 41. h4 $2 (41. Ra3 Nd4 42. Rc3) 41... Ne5 {[%cal Re5d3]} 42. Nc5 Nxg6 (42... Nd3+ $142 43. Nxd3 cxd3) 43. Nxb7 Nf4 {Weighted Error Value: White=0.83/Black=0.53} 0-1